LEADER 03563nam 2200721Ia 450 001 9910460241603321 005 20200520144314.0 010 $a0-8166-7498-1 035 $a(CKB)2670000000069682 035 $a(EBL)635541 035 $a(OCoLC)692327527 035 $a(SSID)ssj0000416190 035 $a(PQKBManifestationID)11291196 035 $a(PQKBTitleCode)TC0000416190 035 $a(PQKBWorkID)10438063 035 $a(PQKB)11241093 035 $a(MiAaPQ)EBC635541 035 $a(MdBmJHUP)muse29846 035 $a(Au-PeEL)EBL635541 035 $a(CaPaEBR)ebr10436237 035 $a(CaONFJC)MIL525691 035 $a(EXLCZ)992670000000069682 100 $a20100514d2010 ub 0 101 0 $aeng 135 $aur|n|---||||| 181 $ctxt 182 $cc 183 $acr 200 10$aDream factories of a former colony$b[electronic resource] $eAmerican fantasies, Philippine cinema /$fJose? B. Capino 210 $aMinneapolis $cUniversity of Minnesota Press$dc2010 215 $a1 online resource (326 p.) 300 $aDescription based upon print version of record. 311 $a0-8166-6972-4 311 $a0-8166-6971-6 320 $aIncludes bibliographical references, filmography and index. 327 $aIntroduction : a tale of two sisters -- Visions of empire. Terror is a man : exploiting the horrors of empire -- My brother is not a pig : American benevolence and Philippine sovereignty -- (Not) searching for my father : GI babies and postcolonial futures -- Mobile imaginaries. The migrant woman's tale : on loving and leaving nations -- Filipino American dreams : the cultural politics of diasporan films -- Global ambitions. Naked brown brothers exhibitionism and festival cinema -- Philippine cinema's fatal attractions appropriating Hollywood -- Coda : a tale of two brothers. 330 $aPhilippine cinema, the dream factory of the former U.S. colony, teems with American figures and plots. Local movies feature GIs seeking Filipina brides, cold war spies hunting down native warlords, and American-born Filipinos wandering in the parental homeland. The American landscape furnishes the settings for the triumphs and tragedies of Filipino nurses, GI babies, and migrant workers. By tracking American fantasies in Philippine movies from the postindependence period to the present, Jose? B. Capino offers an innovative account of cinema's cultural work in decolonization and globalization. C 606 $aMotion pictures$zPhilippines 606 $aMyth in motion pictures 606 $aImperialism in motion pictures 606 $aCulture in motion pictures 606 $aNational characteristics, American, in motion pictures 606 $aMotion pictures and transnationalism 606 $aMotion pictures and globalization 607 $aUnited States$xIn motion pictures 607 $aPhilippines$xCivilization$xAmerican influences 608 $aElectronic books. 615 0$aMotion pictures 615 0$aMyth in motion pictures. 615 0$aImperialism in motion pictures. 615 0$aCulture in motion pictures. 615 0$aNational characteristics, American, in motion pictures. 615 0$aMotion pictures and transnationalism. 615 0$aMotion pictures and globalization. 676 $a791.4309599 700 $aCapino$b Jose? B$01032729 801 0$bMiAaPQ 801 1$bMiAaPQ 801 2$bMiAaPQ 906 $aBOOK 912 $a9910460241603321 996 $aDream factories of a former colony$92450741 997 $aUNINA LEADER 02046nam 2200397Ia 450 001 996397504003316 005 20200824132313.0 035 $a(CKB)4940000000061237 035 $a(EEBO)2264220167 035 $a(OCoLC)ocm24394940e 035 $a(OCoLC)24394940 035 $a(EXLCZ)994940000000061237 100 $a19910917d1547 uy | 101 0 $aeng 135 $aurbn||||a|bb| 200 10$aIniunccions geue[n] by the moste excellent prince, Edward the Sixte, by the grace of God, Kyng of England, Frau[n]ce and Irelande, defendor of the faythe, and in earthe vnder Christ, of the Churche of Englande and of Ireland, the supreme hedde$b[electronic resource] $eto all and singuler his louyng subiectes, aswell of the clergie, as of the laietie 210 $aImprinted at London $cThe laste daie of Iulii, in the first yere of the reigne of Our Souereigne Lord Kyng Eduuard the VI, by Rychard Grafton ...$d1547 215 $a[28] p 300 $aImprint from colophon. 300 $a"Cum priuilegio ad imprimendum solum"--Colophon. 300 $aSignatures: a-c4 d2. 300 $aTitle within architectural border (McK. & Ferg. 63). 300 $aIn this ed. b4r has catchword "stament", line 6 from bottom ends "they". 300 $aCopy at reel 11:4 identified on film as STC 10090. 300 $aReproductions of originals in the British Library (reel 11:4), Henry E. Huntington Library and Art Gallery (reel 1850:67), and Folger Shakespeare Library (reel 2114:30a). 330 $aeebo-0055 606 $aEcclesiastical law$zEngland 615 0$aEcclesiastical law 701 $aEdward$cKing of England,$f1537-1553.$01002269 801 0$bEBL 801 1$bEBL 801 2$bWaOLN 906 $aBOOK 912 $a996397504003316 996 $aIniunccions geue by the moste excellent prince, Edward the Sixte, by the grace of God, Kyng of England, Fraunce and Irelande, defendor of the faythe, and in earthe vnder Christ, of the Churche of Englande and of Ireland, the supreme hedde$92313183 997 $aUNISA